|
|
|
|
| LEADER |
00000nam a2200000 a 4500 |
| 001 |
vtls010270894 |
| 003 |
SK-MaSNL |
| 005 |
20260301181958.0 |
| 008 |
240313s2011 xo oa g 000 0 slo |
| 015 |
|
|
|a SNBA2011/12-06012
|
| 020 |
|
|
|a 9788097060107
|q (brož.)
|
| 035 |
|
|
|a 937E1BED-5468-4EFE-A0C1-BCB4457831A7
|
| 035 |
|
|
|a urn:nbn:sk:snk-amjhko
|
| 035 |
|
|
|a urn:nbn:sk:snk-am001y36
|
| 040 |
|
|
|a SNK
|b slo
|c SNK
|e AACR2
|
| 041 |
0 |
|
|a slo
|
| 044 |
|
|
|a xo
|c SK
|
| 072 |
|
7 |
|a 316.3
|x Globálne spoločnosti. Sociálna štruktúra. Sociálne skupiny
|2 konspekt
|
| 080 |
|
|
|a 316.344.6-056.263
|2 2001
|
| 080 |
|
|
|a 316.7
|2 2001
|
| 080 |
|
|
|a 061.2
|2 2001
|
| 080 |
|
|
|a 316.772-028.82
|2 2001
|
| 080 |
|
|
|a 81'221.24
|2 2001
|
| 080 |
|
|
|a (048.8)
|2 2001
|
| 100 |
1 |
|
|a Vojtechovský, Roman,
|d 1979-
|4 aut
|9 233411
|
| 245 |
1 |
0 |
|a Úvod do kultúry a sveta Nepočujúcich
|c Roman Vojtechovský
|
| 250 |
|
|
|a 1. vyd.
|
| 260 |
|
|
|a Bratislava
|b Myslím - centrum kultúry Nepočujúcich
|c 2011
|
| 300 |
|
|
|a 268 s.
|b ilustr., fotogr.
|c 21 cm
|
| 504 |
|
|
|a Bibliogr. s. 255-266
|
| 650 |
0 |
7 |
|a nepočujúci
|2 SNKPH
|9 1082
|
| 650 |
0 |
7 |
|a kultúra
|2 SNKPH
|9 886
|
| 650 |
0 |
7 |
|a spolky
|2 SNKPH
|9 4725
|
| 650 |
0 |
7 |
|a posunková reč
|2 SNKPH
|9 66575
|
| 650 |
0 |
7 |
|a Deaf
|2 SNKPHeng
|9 266295
|
| 650 |
0 |
7 |
|a Culture
|2 SNKPHeng
|9 265082
|
| 650 |
0 |
7 |
|a Associations
|2 SNKPHeng
|9 266329
|
| 655 |
|
7 |
|a monografie
|2 SNPH
|9 70139
|
| 655 |
|
7 |
|a Monographs
|2 SNKPH
|9 120675
|
| 852 |
|
|
|a Štátna vedecká knižnica v Banskej Bystrici
|
| 852 |
|
|
|a Akadémia umení v Banskej Bystrici
|
| 919 |
|
|
|a 978-80-970601-0-7
|
| 958 |
|
|
|a NB
|
| 968 |
|
|
|d 30/31
|
| 999 |
|
|
|c 852011
|d 853941
|
| 952 |
|
|
|a SNK
|b SNK
|y PREZ
|7 0
|p 17A0703917
|o snkSC 145569
|i snk2011/12280
|8 0
|0 0
|1 0
|4 0
|d 2011-05-26
|l 0
|r 2025-07-15 00:00:00
|w 2026-02-24
|
| 952 |
|
|
|a SNK
|b SNK
|y VYP
|7 0
|p 17A0703918
|o snkSC 145569 D1
|i snk2011/12281
|8 0
|0 0
|1 0
|4 0
|d 2011-05-26
|l 0
|r 2026-02-24 04:45:03
|w 2026-02-24
|